[Event "MI Felix German TNM: Under 1600"]
[Site "San Francisco"]
[Date "2022.11.15"]
[Round "2.16"]
[White "Hule, Pratyush"]
[Black "Cooper, Lee"]
[Result "1-0"]
[WhiteElo "1268"]
[BlackElo "1590"]
[PlyCount "79"]
[EventDate "2022.??.??"]

1. e4 e6 2. d4 d5 3. e5 c5 4. c3 Bd7 5. Nf3 Nc6 6. Be3 Qb6 7. Qb3 Qxb3 8. axb3 cxd4 9. Nxd4 Nxe5 10. Nb5 Bxb5 11. Bxb5+ Nc6 12. Rxa7 Rxa7 13. Bxa7 Bd6 14. Bd4 e5 15. Be3 Nge7 16. O-O O-O 17. Nd2 f5 18. f4 Ng6 19. g3 exf4 20. Bxf4 Nxf4 21. gxf4 Nd8 22. c4 d4 23. Nf3 Bxf4 24. Kg2 Be3 25. Ne1 Ne6 26. Nd3 g5 27. Kg3 h5 28. c5 f4+ 29. Kg2 g4 30. Bc4 f3+ 31. Kg3 Rf6 32. b4 Kg7 33. b5 Bf4+ 34. Nxf4 Nxf4 35. Rd1 d3 36. Kf2 Rf5 37. Bxd3 Nh3+ 38. Kg3 Rxc5 39. Bf1 Rxb5 $4 40. Bxb5 1-0

[Event "MI Felix German TNM: Under 1600"]
[Site "San Francisco"]
[Date "2022.11.15"]
[Round "2.17"]
[White "Hollon, Nick"]
[Black "Toledo Guerrero, Fernando"]
[Result "0-1"]
[WhiteElo "999"]
[BlackElo "1547"]
[PlyCount "66"]
[EventDate "2022.??.??"]

1. e4 e6 2. d4 d5 3. e5 c5 4. Nf3 cxd4 5. Nxd4 Nc6 6. Bb5 Nge7 7. O-O Bd7 8. Re1 Qc7 9. Nf3 Ng6 10. Qe2 Rc8 11. Bxc6 Bxc6 12. Nc3 a6 13. Bd2 Bc5 14. a4 O-O 15. b4 Bxb4 16. Nxd5 Bxd5 17. Bxb4 Bxf3 18. gxf3 Rfd8 19. Qe4 Qxc2 20. Qxc2 Rxc2 21. Red1 Rdc8 22. Bd6 Nh4 23. f4 R2c4 24. Rdb1 b5 25. axb5 axb5 26. h3 Rxf4 27. Rxb5 Rf3 28. Ra3 Rc1+ 29. Kh2 Rxf2+ 30. Kg3 Rg2+ 31. Kxh4 Rc4+ 32. Kh5 g6+ 33. Kh6 Rh4# 0-1

[Event "MI Felix German TNM: Under 1600"]
[Site "San Francisco"]
[Date "2022.11.15"]
[Round "2.18"]
[White "Sullivan, George T"]
[Black "Gu, Chunhui"]
[Result "0-1"]
[WhiteElo "916"]
[BlackElo "1483"]
[Annotator "Winslow,Elliott"]
[PlyCount "78"]
[EventDate "2022.??.??"]

1. d4 Nf6 2. c4 g6 3. Nf3 Bg7 4. Nc3 O-O 5. e4 d6 6. Be2 Nc6 (6... e5) (6... Nbd7) 7. O-O e5 8. d5 Ne7 9. Bg5 (9. Ne1) (9. Nd2) (9. b4) 9... h6 10. Bxf6 Bxf6 11. h3 Bg7 12. Nh2 f5 13. f3 f4 14. Kh1 g5 15. Rg1 Ng6 16. Qe1 Kh7 17. b4 a5 18. a3 h5 19. Qf2 Bf6 {[#]} 20. g4 fxg3 21. Qxg3 Nf4 22. Bf1 axb4 23. Nb1 h4 24. Qe1 Bxh3 25. Bxh3 Nxh3 26. Rg2 Nf4 27. Rd2 Qd7 28. Ng4 Kg6 29. Raa2 bxa3 30. Nxa3 Qa4 31. Qf1 Qa7 32. Nb5 Qc5 33. Rab2 Ra4 34. Rbc2 Rfa8 35. Rc3 Be7 36. Rdc2 Ra1 37. Rc1 Rxc1 38. Qxc1 Ne2 39. Qxg5+ Bxg5 0-1

[Event "MI Felix German TNM: Under 1600"]
[Site "San Francisco"]
[Date "2022.11.15"]
[Round "2.19"]
[White "Tam, Brent"]
[Black "Blum, Paul"]
[Result "1-0"]
[WhiteElo "1480"]
[BlackElo "1092"]
[Annotator "Winslow,Elliott"]
[PlyCount "35"]
[EventDate "2022.??.??"]

1. e4 e5 2. Nf3 Nc6 3. Bc4 Nf6 4. Ng5 d5 5. exd5 Nxd5 6. Nxf7 {The dreaded (or well-loved) Fried Liver Attack. After hundreds of years of confusion, the computers are finally declaring it Plus White.} Kxf7 7. Qf3+ {[#]} Kg6 $4 {This caves in.} ({The only move to keep it interesting is} 7... Ke6 8. Nc3 Ncb4 $1 (8... Nce7 $2 9. d4 c6 10. dxe5 $1 {It turns out there was no need for 9./10.Qe4.} Kxe5 $2 (10... b5 11. Bb3) 11. Bg5 Kd6 12. O-O-O {Black is up a piece. Stockfish 15 makes it PLUS TEN. Hey, that alone makes this worth seeing!}) 9. Bb3 ({or even} 9. O-O $5 c6 10. d4) 9... c6 10. a3 Na6 (10... Qf6 11. Qxf6+ gxf6 12. axb4 Bxb4 $16) 11. Nxd5 cxd5 12. d4 $16) 8. Bxd5 $18 Bf5 9. d3 (9. g4 $1) 9... Nd4 (9... h5) 10. Qg3+ Kh5 11. Qxe5 $6 (11. c3 $1) 11... Bb4+ $2 (11... Qe7 12. Qxe7 Bxe7 13. Kd1 $18) 12. Kd1 Qf6 {[#]} 13. g4+ $1 Kxg4 14. Rg1+ Kh5 15. Rg5+ $2 (15. Bf7+ $1 g6 (15... Qxf7 16. Qf4 $1 {and mate in three or so.}) 16. Qxf6 {is also mate in a few. The nicest line is} Be7 17. Rg5+ Kh4 18. Qxd4+ Kh3 19. Qe3+ Kxh2 20. Qg3+ Kh1 21. Qg1#) 15... Qxg5 16. Bxg5 Bg4+ 17. f3 Nxf3 {[#]} 18. Bf7+ $4 {Here Paul resigned. In fact he's totally winning.} (18. Bf7+ $4 g6 {, White must move queen, B/g5 goes with check, the rooks hit the central files f8 and e8, White doesn't survive.}) (18. Bxf3 $1 Bxf3+ 19. Kc1 {is all big numbers (plus ten again!)} Bd6 (19... h6 20. Be7+ g5 21. Bxb4) 20. Qxg7 Rhg8 ({or} 20... Rag8) (20... h6 21. Be3) 21. Qh6+ Kg4 22. Qh4+ Kf5 23. Nd2) 1-0

[Event "MI Felix German TNM: Under 1600"]
[Site "San Francisco"]
[Date "2022.11.15"]
[Round "2.20"]
[White "Hilliard, Michael R"]
[Black "Cadimas, Freddie Llanes"]
[Result "1-0"]
[WhiteElo "1400"]
[BlackElo "898"]
[Annotator "Winslow,Elliott"]
[PlyCount "55"]
[EventDate "2022.??.??"]

1. d4 Nf6 2. Nf3 d5 3. e3 Bf5 4. Bd3 e6 5. Bxf5 exf5 6. Nbd2 g6 7. b3 Bg7 8. Bb2 O-O 9. O-O b6 10. Ne5 Ne4 11. f3 Nxd2 12. Qxd2 Re8 13. f4 Bxe5 14. dxe5 c5 15. Rfd1 Re7 16. c4 Na6 17. cxd5 f6 18. d6 Re6 19. Qd5 Kf7 20. exf6 Rc8 21. Be5 Nb4 22. Qb7+ Kf8 23. Qg7+ Ke8 24. d7+ Qxd7 25. Qxd7+ (25. Qg8#) 25... Kf8 26. Qxc8+ Kf7 27. Rd7+ Re7 28. Rxe7# 1-0

[Event "MI Felix German TNM: Under 1600"]
[Site "San Francisco"]
[Date "2022.11.15"]
[Round "2.22"]
[White "Clark, Drew H"]
[Black "Karpe, Ummon"]
[Result "1/2-1/2"]
[WhiteElo "1288"]
[BlackElo "769"]
[PlyCount "68"]
[EventDate "2022.??.??"]

1. e4 c6 2. d4 d5 3. e5 c5 4. Nf3 Bg4 5. Be3 cxd4 6. Bxd4 e6 7. h3 Bxf3 8. Qxf3 Nc6 9. c3 Nge7 10. Bd3 Qc7 11. Qf4 Nxd4 12. cxd4 Nc6 13. Nc3 Qb6 14. Bb5 Bb4 15. Ba4 O-O 16. Rd1 Qa5 17. Bb3 Bxc3+ 18. bxc3 Qxc3+ 19. Ke2 Rac8 20. Rhe1 a5 21. Kf1 a4 22. Re3 Qa5 23. Bc2 Nxd4 24. Bxh7+ Kxh7 25. Qxd4 Rc4 26. Qd3+ Kg8 27. Rg3 Rfc8 28. Kg1 Rc3 29. Qd2 R8c5 30. Rg4 R5c4 31. Rg5 Qc5 32. Rxg7+ Kxg7 33. Qg5+ Kf8 34. Qd8+ Kg7 1/2-1/2

[Event "MI Felix German TNM: Under 1600"]
[Site "San Francisco"]
[Date "2022.11.15"]
[Round "2.24"]
[White "Albukerk, Eli"]
[Black "Tam, Hoa Long"]
[Result "0-1"]
[WhiteElo "1231"]
[BlackElo "1465"]
[Annotator "Tam, Hoa Long"]
[PlyCount "154"]
[EventDate "2022.??.??"]

1. e4 c6 2. Nc3 d5 3. d4 dxe4 4. Nxe4 Nf6 5. Nxf6+ exf6 6. Nf3 Bd6 7. Qe2+ Be7 8. Bf4 O-O 9. Qd2 Be6 10. Bd3 Re8 11. O-O Nd7 12. c4 Nb6 13. Qc2 g6 14. Rfd1 Rc8 15. h4 Bg4 16. Rd2 $6 (16. Be2) 16... Bxf3 17. gxf3 Qxd4 18. Be4 (18. Bxg6 Qxf4) (18. Bg3 Rcd8) 18... Qxc4 19. Qxc4 Nxc4 20. Rd7 b5 21. b3 Ne5 22. Bxe5 fxe5 23. h5 {I guess my opponent didn't like Rxa7 Bxh4, but I think that would have misplaced my bishop and given white time to bring his other rook into the game} Bc5 $2 (23... f5 {this would have kept white's bishop of the g8-f4 diagonal, preventing the problems I had on f7 later on, and if Bc2 (where else?) then Rc1 isn't possible anymore either} 24. Bc2 Bc5) 24. hxg6 hxg6 25. Rc1 Bd4 26. Rxc6 Rxc6 27. Bxc6 Rb8 28. Bd5 Rf8 29. Rb7 a6 30. Rd7 g5 $6 {I had intended to meet Rd6 with a5 to at least misplace white's rook if he tries to hunt the pawn down. However, I should have played Kg7 first because now Rd6 forks my a6 pawn and Rg6+.} 31. Rd6 Kg7 32. Rxa6 Rc8 33. Rc6 {Trading rooks should greatly increase the odds of a draw, but I was down a significant amount of time on the clock and also felt that if I declined the trade, my rook would be forced to be very passive defending f7 and I didn't see a straightforward way to unwind on the kingside.} Rxc6 34. Bxc6 b4 35. Be4 Kf6 36. Kg2 Ke6 37. Kg3 f6 38. Bd3 Kd6 $6 {I think this is the wrong move order. I should have played Bb6 immediately so I can play Kd5-Kd4 while white's king is still far away. In the game, trying this same maneuver would be met with white's king on d2 and no clear way to make progress} 39. Kg2 Bb6 40. Kf1 Bd4 41. Bf5 Bc3 42. Ke2 Kc5 43. Kd3 Kd5 44. Ke3 {I want to keep white's king tied down to f2, but I also need to keep the d4 square available for my king to infiltrate. Be1 doesn't work because of Ke2, so I decided to have my bishop take the scenic route to g1} Bb2 45. Kd3 Bc1 46. Be4+ Kc5 {Maybe Ke6 would have been better here, preventing white's bishop from returning to f5 and preparing f6-f5 myself or perhaps Kf5-f4 if white's bishop leaves the h1-a8 diagonal.} 47. Bf5 Bf4 48. Ke4 Bh2 49. Be6 Kd6 50. Bc8 Bg1 51. Ke3 Kc5 52. Bf5 Kd5 {I considered sacking the bishop here and running to a2 and trying to deflect the bishop f5, but I'm one tempo too short for that to work} 53. f4 $5 {I was down over half an hour on the clock at this point. I'm not losing a pawn thanks to Bh2, but I felt that that was almost certainly a draw. I knew that with two connected pawns I could force white to eventually sac back his bishop and figured that with three I could force a bishop sac and then either promote the remaining pawn or distract white long enough to run over to the queenside. However, I did not adequately calculate white's a4 ideas.} exf4+ (53... Bh2 54. fxg5 Bf4+) (53... gxf4+ {might have given me a faster attack in the center, since I wouldn't have had to walk my king over to the h file.}) 54. Kf3 Ke5 55. Bc8 f5 (55... Kd4 56. Kg2 Bxf2 57. Kxf2 Kc3 58. Kf3 Kb2 59. Kg4 Kxa2 60. Be6 f5+ 61. Kxf5 f3 $10) 56. Kg2 Bxf2 57. Kxf2 g4 58. Ba6 Kf6 59. Bd3 Kg5 60. Bc4 f3 61. Kg3 f4+ 62. Kf2 Kh4 63. a4 $4 {this might have worked a few moves ago before my king reached h4, but now white's bishop can't participate on the kingside while watching my a pawn, and white's b pawn is too slow} (63. Be6 $10 {this defangs Kh3 by pinning the g pawn and prevents Kh2}) 63... bxa3 64. b4 Kh3 65. Bf1+ Kh2 66. Bc4 g3+ 67. Kxf3 g2 68. b5 g1=Q 69. b6 Qxb6 70. Kxf4 Qd4+ 71. Kf3 Qxc4 72. Ke3 Kg3 73. Kd2 Qb3 74. Kc1 Qa2 75. Kd1 Kf3 76. Kc1 Ke3 77. Kd1 Qd2# 0-1

[Event "MI Felix German TNM: Under 1600"]
[Site "San Francisco"]
[Date "2022.11.15"]
[Round "2.25"]
[White "Horde, Nicolas T"]
[Black "Brickhouse, Christian"]
[Result "0-1"]
[WhiteElo "1413"]
[BlackElo "1221"]
[Annotator "Horde,Nicolas"]
[PlyCount "66"]
[EventDate "2022.??.??"]

1. e4 e5 2. Nf3 Nc6 3. Bc4 Nf6 4. Ng5 d5 5. exd5 Ng4 $4 {I am not a theory expert but I knew this was a blunder, I spent a lot of time calculating Qf3 and the sac on f7. It's obvious Nxf7 does not work because the idea is Qf3 in the normal fried liver where the queen forks the king on f7 and the knight that's supposed to be on d5.} 6. Nxf7 $4 (6. Qf3 $1 {The killer move, White is winning as there's too many threats (Nc6, the discovered attack on f7, etc...). This was my second choice but I decided to go fancy with 6.Nxf7 which immediately backfired} Qxg5 7. dxc6 Rb8 (7... Be6 8. Bxe6 fxe6 9. cxb7 Rb8 10. Qc6+ Kf7 {I told Cristian in our post-mortem I had this in mind as well, sometimes I really hallucinate}) 8. Qxf7+ Kd8 {This was my second plan, still scratching my head on why I did not play 6.Qf3}) (6. dxc6 Qxg5 7. Qf3 {Transposing}) 6... Qf6 (6... Kxf7 $4 7. dxc6+) (6... Qh4 $1 7. g3 Qf6 8. f3 Nd4 9. O-O Nxh2 10. Kxh2 Qf5) 7. Qf3 Nd4 $1 {This is what I missed when sacking the knight on f7 and why 6.Qf3 or 6.dxNc6 were much stronger (and actually winning)} 8. Qxf6 gxf6 9. Nxh8 Nxc2+ 10. Ke2 Nxa1 {All forced} 11. h3 Nh6 {White is still better with an extra pawn but it's difficult mentally when I knew I messed up somewhere before} 12. Bb5+ $2 (12. Kd1 Nf5 13. b3 Nd6 {Both a1 and h8 knights are trapped}) 12... Ke7 13. Bd3 Bg7 14. Bxh7 Bxh8 15. b3 {With the idea of grabbing the knight with the dark square bishop} (15. g4 f5 $1 16. d3 Nf7 17. Na3) 15... f5 16. d4 Nc2 $2 17. Bxh6 (17. dxe5 $1 Nf7 18. f4 {White has 3 pawns for the piece but a monster pawn center}) 17... Nxd4+ 18. Kd2 Kf7 19. Rc1 (19. h4 c6 20. dxc6 Nxc6 21. h5 {SF's idea is to create a nice outpost on g6 for the bishop}) 19... c6 20. dxc6 Nxc6 21. f4 $2 (21. g4 $1 fxg4 22. h4 {And the LSB escapes}) 21... Bg7 (21... exf4 22. Bxf4 Kg7) 22. Bg5 (22. Bxg7 Kxg7 {Trapping the LSB}) 22... Bd7 23. g4 Rh8 24. Bxf5 Bxf5 25. gxf5 Rxh3 26. fxe5 Bxe5 27. Nc3 {The position is a draw as the f5 going is going to fall. However I am low on time...} Nd4 {Threatening the fork on f3} 28. Be3 (28. Ne4 {An elegant way to defend but I was very low on time and did not necessarily want to complicate the position more} Rh2+ 29. Kd3) 28... Nxf5 29. Bxa7 $4 {The decisive blunder} Bf4+ 30. Kc2 Bxc1 31. Ne4 Bf4 32. Bb8 Rh2+ 33. Nd2 Bxb8 0-1

[Event "MI Felix German TNM: Under 1600"]
[Site "San Francisco"]
[Date "2022.11.15"]
[Round "2.26"]
[White "Ayala, Nicholas"]
[Black "Myers, Steven Lee"]
[Result "1-0"]
[WhiteElo "1391"]
[BlackElo "809"]
[PlyCount "55"]
[EventDate "2022.??.??"]

1. e4 e5 2. Nf3 d6 3. d4 Bg4 $6 (3... exd4) 4. Bc4 $16 (4. dxe5 Nd7 5. exd6 Bxd6 $16) 4... Qf6 5. Nbd2 (5. Be3) 5... exd4 6. Qe2 $2 $11 Nc6 7. a3 $6 $15 (7. h3 $11) 7... a6 $6 8. h3 $11 Bxf3 $2 9. Nxf3 $14 h6 10. Ba2 $2 $11 (10. Rb1) 10... O-O-O $6 (10... g5 $11) 11. Rb1 Nge7 $14 12. b4 Ng6 $2 13. b5 $18 Na7 $2 (13... d3) 14. bxa6 b6 15. Bd5 Nh4 16. Nxh4 Qxh4 17. Qc4 Kb8 18. Qxd4 f5 19. Rxb6+ Kc8 20. Be6+ Rd7 21. Bxd7+ (21. Bxf5 $1) 21... Kxd7 22. Qa4+ Kc8 23. Qe8+ Qd8 24. Rb8+ Kxb8 25. Qxd8+ Nc8 26. a7+ Kxa7 27. Qxc7+ Ka8 28. Qxc8+ 1-0

[Event "MI Felix German TNM: Under 1600"]
[Site "San Francisco"]
[Date "2022.11.15"]
[Round "2.29"]
[White "Sharan, Shubhankar"]
[Black "O'Farrell, Trevor"]
[Result "0-1"]
[WhiteElo "1229"]
[BlackElo "1474"]
[PlyCount "72"]
[EventDate "2022.??.??"]

1. d4 Nf6 2. c4 g6 3. g3 Bg7 4. Bg2 O-O 5. Nf3 d6 6. Nc3 c6 7. O-O Nbd7 8. Bg5 Qc7 9. Qd2 b6 10. Bh6 Bb7 11. Bxg7 Kxg7 12. h4 d5 13. cxd5 Nxd5 14. h5 N7f6 15. h6+ Kg8 16. Nxd5 cxd5 17. Rac1 Qd6 18. Ne5 Rfd8 19. Rc3 Ne4 20. Qf4 f6 21. Rf3 g5 22. Qg4 Bc8 23. Qh5 Be6 24. Rf5 Rf8 25. Nc4 dxc4 26. Bxe4 Bxf5 27. Bxf5 e6 28. Be4 Rac8 29. f4 Qxd4+ 30. Kh2 Qxe4 31. fxg5 Qg6 32. Qxg6+ hxg6 33. gxf6 Rc5 34. g4 Kh7 35. Kg3 Kxh6 36. Rh1+ Kg5 0-1

[Event "MI Felix German TNM: Under 1600"]
[Site "San Francisco"]
[Date "2022.11.15"]
[Round "2.31"]
[White "Calvert, Sam"]
[Black "Bakke, Erik"]
[Result "1-0"]
[WhiteElo "1331"]
[BlackElo "1025"]
[PlyCount "61"]
[EventDate "2022.??.??"]

1. d4 d5 2. c4 dxc4 3. e4 b5 4. a4 c6 5. axb5 cxb5 6. Nc3 a6 7. Nxb5 Nf6 8. Nc3 Nc6 9. Nf3 Bg4 10. Qa4 Bd7 11. Qxc4 e6 12. Be2 Bb4 13. Bg5 O-O 14. e5 Qb6 15. exf6 g6 16. Rxa6 Bxc3+ 17. bxc3 Qb1+ 18. Bd1 Rac8 19. Qa2 Qd3 20. Bd2 Rb8 21. Bc2 Qb5 22. c4 Qb7 23. O-O Rfc8 24. Be4 Qc7 25. d5 exd5 26. cxd5 Nb4 27. Bxb4 Rxb4 28. Bd3 Rcb8 29. Qd2 Qd8 30. Ne5 Rb2 31. Qh6 1-0

[Event "MI Felix German TNM: Under 1600"]
[Site "San Francisco"]
[Date "2022.11.15"]
[Round "2.32"]
[White "Gu, Thomas"]
[Black "Otterbach, Renate"]
[Result "1-0"]
[WhiteElo "1248"]
[BlackElo "991"]
[PlyCount "41"]
[EventDate "2022.??.??"]

1. e4 c5 2. Nf3 g6 3. d4 cxd4 4. Nxd4 Nc6 5. Nc3 Bg7 6. Be3 Nf6 7. f3 O-O 8. Qd2 d5 9. O-O-O dxe4 10. Kb1 Qa5 11. fxe4 Ng4 12. Nb3 Bxc3 13. bxc3 Qa3 14. Bc5 Qa4 15. h4 b6 16. Bf2 h5 17. Bd3 Be6 18. Be3 Kg7 19. Qe2 Na5 20. Bb5 Bc4 21. Bxa4 1-0

[Event "MI Felix German TNM: Under 1600"]
[Site "San Francisco"]
[Date "2022.11.15"]
[Round "2.33"]
[White "Agdamag, Samuel"]
[Black "Ahrens, Richard William"]
[Result "1-0"]
[WhiteElo "1400"]
[BlackElo "1056"]
[PlyCount "73"]
[EventDate "2022.??.??"]

1. b3 Nf6 2. Bb2 d6 3. g3 e5 4. Bg2 Be7 5. Nc3 O-O 6. d4 exd4 7. Qxd4 Nc6 8. Qd1 a6 9. Nf3 Bf5 10. Nh4 Qd7 11. Nxf5 Qxf5 12. e4 Qc5 13. O-O Rad8 14. Re1 Ne5 15. Nd5 Nxd5 16. exd5 Bf6 17. Bd4 Nf3+ 18. Qxf3 Bxd4 19. Rad1 Rfe8 20. Re4 Rxe4 21. Qxe4 Bxf2+ 22. Kh1 Qe3 23. Qh4 Re8 24. Rf1 Qe1 25. Rxe1 Rxe1+ 26. Bf1 f6 27. Kg2 Bb6 28. Bd3 h6 29. Qh5 Re5 30. Qg6 f5 31. Bxf5 Rxf5 32. Qxf5 Kh8 33. Qg6 Bc5 34. Kf3 Bd4 35. Kf4 Be5+ 36. Kf5 Bf6 37. h4 1-0

[Event "MI Felix German TNM: Extra Rated"]
[Site "San Francisco"]
[Date "2022.11.15"]
[Round "2.36"]
[White "Cao, Danny"]
[Black "Casares, Nick"]
[Result "0-1"]
[WhiteElo "1095"]
[BlackElo "1600"]
[Annotator "Winslow,Elliott"]
[PlyCount "80"]
[EventDate "2022.??.??"]

1. d4 d5 2. e3 Nf6 3. Bd3 c5 4. c3 Nc6 5. Nd2 e5 6. dxe5 Nxe5 7. Bc2 Be7 8. Ngf3 Bg4 9. h3 Bh5 10. Qe2 O-O 11. g4 Nxf3+ 12. Nxf3 Bg6 13. Bxg6 fxg6 14. Nd2 Ne4 15. Nxe4 dxe4 16. Qc4+ Kh8 17. Qxe4 Bh4 18. O-O Qc7 19. b3 {[#]} Rxf2 20. Rxf2 Bxf2+ 21. Kxf2 Qh2+ 22. Ke1 Rf8 23. Qd3 Qg1+ 24. Kd2 Qf2+ 25. Kd1 Qg2 26. Qd2 Rf1+ 27. Kc2 Rf2 28. c4 Rxd2+ 29. Bxd2 Qxh3 30. Rd1 Qg2 31. Kc1 h5 32. gxh5 gxh5 33. Re1 h4 34. e4 h3 35. e5 h2 36. e6 h1=Q 37. e7 Qxe1+ 38. Bxe1 Qg5+ 39. Kd1 Qxe7 40. Bc3 Qe4 0-1